000 00389nam a2200169Ia 4500
001 4219
003 IN-NITTTR
005 20251114232957.0
008 251113s9999||||xx |||||||||||||| ||eng||
040 _beng
040 _cIN-NITTTR
041 _aeng
082 _a537.5 D374E
100 _aDelaney, Cyril
245 0 _aElectronics for the physicist. /
_cDelaney, Cyril
942 _2ddc
_cBK
999 _c6840
_d6840